000 00457nam a2200181Ia 4500
005 20250508163527.0
008 008 250505s9999 xx 000 0 eng d
037 _aTextual
040 _aFEDL
_beng
_cFEDL
041 _aeng
_2eng
084 _a374, KIM
_qFEDL
100 _aKim Byong Won Ed.
_9775545
245 0 _aLiteracy and languages
260 _c1985
300 _axv,144p.
942 _cTEXL
_h374, KIM
999 _c1383886
_d1383886